|
|
|
|
| LEADER |
00744nam a22002412a 4500 |
| 001 |
001871137 |
| 003 |
CZ BrMZK |
| 005 |
20230922091435.0 |
| 007 |
ta |
| 008 |
230919s1912 hu er|||||||||||hun d |
| 040 |
|
|
|a BOA001
|b cze
|e aacr2
|
| 041 |
1 |
|
|a hun
|h eng
|
| 100 |
1 |
|
|a Wilde, Oscar,
|d 1854-1900
|7 jn19981002409
|4 aut
|
| 245 |
1 |
0 |
|a Mesék, történeték es költemények prózában /
|c Wilde Oszkár ; fordította Mikes Lajos
|
| 260 |
|
|
|a Budapest :
|b Lampel R.,
|c 1912
|
| 300 |
|
|
|a 254 s.
|
| 500 |
|
|
|a Přeloženo z angličtiny?
|
| 700 |
1 |
|
|a Mikes, Lajos
|4 trl
|
| 910 |
|
|
|a BOA001
|b 1-0216.053
|
| 990 |
|
|
|a BK
|
| 993 |
|
|
|a Y
|
| 991 |
|
|
|b 202309
|
| 996 |
6 |
|
|b BC-2425005
|c 1-0216.053
|l MZK
|r Sklad / do 1 hodiny
|n 0
|w 001938820
|u 000010
|a 1
|e BOA001
|j MZK50
|s P
|